[Event "Prague Golden Rapid op 17th"]
[Site "Prague"]
[Date "2022.07.09"]
[Round "6"]
[White "Silhanek, Martin"]
[Black "Forman, Daniel"]
[Result "0-1"]
[WhiteElo "1727"]
[BlackElo "1951"]
[PlyCount "95"]
[EventDate "2022.07.09"]
[EventType "swiss (rapid)"]
[EventRounds "7"]
[EventCountry "CZE"]
[SourceTitle "CBM 209 Extra"]
[Source "ChessBase"]
[SourceDate "2022.09.30"]
[SourceVersion "1"]
[SourceVersionDate "2022.09.30"]
[SourceQuality "1"]

1. d4 Nc6 2. Nf3 d5 3. Bf4 e6 4. e3 Bd6 5. c3 Nge7 6. Bd3 Ng6 7. Bg3 0-0 8. Nbd2 f5 9. Qc2 Bd7 10. c4 Nb4 11. Qb1 Nxd3+ 12. Qxd3 Qe7 13. c5 Bxg3 14. hxg3 c6 15. Qe2 e5 16. Kf1 Rae8 17. dxe5 Qxc5 18. Ng5 h6 19. e6 Bxe6 20. Nxe6 Rxe6 21. Qh5 Qb5+ 22. Kg1 Qxb2 23. Rb1 Qxd2 24. Rxb7 Ne7 25. Rxa7 Qe1+ 26. Kh2 Qxf2 27. Rb1 Rxe3 28. Qh4 Ng6 29. Rbb7 Ne7 30. Rxe7 Rxe7 31. Qxe7 Qd4 32. Qe6+ Kh7 33. Qxc6 f4 34. Qd6 fxg3+ 35. Kxg3 Rf6 36. Qd7 Qe5+ 37. Kh3 Qh5+ 38. Kg3 Rg6+ 39. Kf2 Qh4+ 40. Kg1 Qe1+ 41. Kh2 Qe5+ 42. Kg1 d4 43. Ra3 Rd6 44. Qg4 d3 45. Qd1 Qc5+ 46. Kh1 Qxa3 47. Qf1 Qc5 48. Qd1 0-1